| 000 | 00620nab a2200193 a 4500 | ||
|---|---|---|---|
| 005 | 20210219161030.0 | ||
| 008 | 991125s1985 mx 000 0 spa u | ||
| 035 | _aUPN01000177429 | ||
| 100 | 1 | _aMoral de la Rubia, José | |
| 222 | _aENSEÑANZA E INVESTIGACION EN PSICOLOGIA | ||
| 245 | _aEscala de pensamiento mágico (EPM) : I, estructura factorial, consistencia interna y validez de contenido | ||
| 260 | _aJalapa, México | ||
| 300 | _a41-57 | ||
| 362 | 0 | _a2010 Vol. 15, no. 1, ene.-abr. | |
| 653 | 0 | _aPENSAMIENTO MAGICO | |
| 653 | 0 | _aCREENCIAS PARANORMALES | |
| 653 | 0 | _aSUPERSTICION | |
| 905 | _aArticulo | ||
| 999 |
_c149532 _d149532 |
||